| 000 | 004590000a22001810004500 | ||
|---|---|---|---|
| 020 | _a0-310-37281-X | ||
| 041 | 0 | _aENG | |
| 082 | 0 | 4 | _aG 253.4 E349a |
| 100 | 1 | _aEims, LeRoy | |
| 245 | 1 | 0 | _aThe lost art of disciple making / Leroy Eims |
| 260 | _aGrand Rapids, MI., USA : Zondervan | ||
| 300 | _a188 Pag | ||
| 001 | 12028 | ||
| 942 | _cBK | ||
| 999 |
_c41064 _d41064 |
||
| 336 |
_atexto _btxt _2rdacontent |
||
| 337 |
_2rdamedia _asin mediación _bn |
||
| 338 |
_2rdacarrier _avolumen _bnc |
||